<?xml version="1.0" encoding="UTF-8"?>
<collection xmlns:xsi="http://www.w3.org/2001/XMLSchema-instance" xsi:schemaLocation="http://www.loc.gov/MARC21/slim http://www.loc.gov/standards/marcxml/schema/MARC21slim.xsd" xmlns="http://www.loc.gov/MARC21/slim">
 <record>
  <leader>00000nam a2200000 i 4500</leader>
  <controlfield tag="001">UP-8027390931311678857</controlfield>
  <controlfield tag="003">Buklod</controlfield>
  <controlfield tag="005">20250305151732.0</controlfield>
  <controlfield tag="006">m    |o  d |      </controlfield>
  <controlfield tag="007">ta</controlfield>
  <controlfield tag="008">250305s2022    enk        u        eng d</controlfield>
  <datafield tag="020" ind1=" " ind2=" ">
   <subfield code="a">1802209778 (eBook)</subfield>
  </datafield>
  <datafield tag="020" ind1=" " ind2=" ">
   <subfield code="a">9781802209778 (eBook)</subfield>
  </datafield>
  <datafield tag="020" ind1=" " ind2=" ">
   <subfield code="a">9781802209785 (eBook)</subfield>
  </datafield>
  <datafield tag="035" ind1=" " ind2=" ">
   <subfield code="a">22422570</subfield>
  </datafield>
  <datafield tag="040" ind1=" " ind2=" ">
   <subfield code="a">DLC</subfield>
   <subfield code="d">DLAW</subfield>
   <subfield code="e">rda</subfield>
  </datafield>
  <datafield tag="041" ind1="0" ind2=" ">
   <subfield code="a">eng</subfield>
  </datafield>
  <datafield tag="082" ind1="0" ind2="4">
   <subfield code="a">340.2</subfield>
   <subfield code="2">23</subfield>
  </datafield>
  <datafield tag="084" ind1=" " ind2=" ">
   <subfield code="a">K 559 </subfield>
   <subfield code="b">H868 2022eb</subfield>
  </datafield>
  <datafield tag="100" ind1="1" ind2=" ">
   <subfield code="a">Husa, Jaakko</subfield>
   <subfield code="e">author.</subfield>
  </datafield>
  <datafield tag="245" ind1="1" ind2="0">
   <subfield code="a">Interdisciplinary comparative law</subfield>
   <subfield code="b">rubbing shoulders with the neighbours or standing alone in a crowd</subfield>
   <subfield code="c">Jaakko Husa.</subfield>
   <subfield code="h">Electronic resource.</subfield>
  </datafield>
  <datafield tag="264" ind1=" " ind2="1">
   <subfield code="a">Cheltenham, UK</subfield>
   <subfield code="a">Northampton, MA, USA</subfield>
   <subfield code="b">Edward Elgar Publishing</subfield>
   <subfield code="c">[2022]</subfield>
  </datafield>
  <datafield tag="300" ind1=" " ind2=" ">
   <subfield code="a">1 online resource (ix, 242 pages)</subfield>
   <subfield code="c">24 cm.</subfield>
  </datafield>
  <datafield tag="336" ind1=" " ind2=" ">
   <subfield code="a">text</subfield>
   <subfield code="b">txt</subfield>
   <subfield code="2">rdacontent</subfield>
  </datafield>
  <datafield tag="337" ind1=" " ind2=" ">
   <subfield code="a">computer</subfield>
   <subfield code="2">rdamedia</subfield>
  </datafield>
  <datafield tag="338" ind1=" " ind2=" ">
   <subfield code="a">online resource</subfield>
   <subfield code="b">nc</subfield>
   <subfield code="2">rdacarrier</subfield>
  </datafield>
  <datafield tag="490" ind1="1" ind2=" ">
   <subfield code="a">Elgar studies in legal research methods</subfield>
  </datafield>
  <datafield tag="504" ind1=" " ind2=" ">
   <subfield code="a">Includes bibliographical references and index.</subfield>
  </datafield>
  <datafield tag="520" ind1=" " ind2=" ">
   <subfield code="a">Comparative law scholars have long recognised the importance of looking beyond legal texts and incorporating interdisciplinary methods into the study of law, yet in practice such use of non-legal methods has remained modest. Interdisciplinary Comparative Law illuminates why the doctrinal approach to legal research has retained its strong position, offering a critical analysis of the difficulties of interdisciplinarity. Incisive and ambitious in scope, the book highlights why the comparative study of law benefits from employing the methods of other disciplines. Chapters explore the various ways in which different fields can learn from each other, taking a deep dive into the respective studies of legal history, linguistics, literature, economics, social theory, and international law. The result is a vibrant cross-section of the contrasts and parallels between the practices of law and other areas of research, demonstrating which are the easiest for comparatists to grasp and implement, and which present obstacles for the application of non-legal methods. This cutting-edge book is an essential read for advanced students and scholars of law and legal studies. Its diagnosis of interdisciplinarity as both a boon and bane in the study of law will be of especial interest to comparative law scholars&quot;--</subfield>
   <subfield code="c">Provided by publisher.</subfield>
  </datafield>
  <datafield tag="650" ind1=" " ind2="0">
   <subfield code="a">Comparative law.</subfield>
   <subfield code="a">Electronic book.</subfield>
  </datafield>
  <datafield tag="650" ind1=" " ind2="0">
   <subfield code="a">Droit comparé.</subfield>
  </datafield>
  <datafield tag="650" ind1=" " ind2="0">
   <subfield code="a">Interdisciplinary research.</subfield>
  </datafield>
  <datafield tag="650" ind1=" " ind2="0">
   <subfield code="a">Legal research.</subfield>
  </datafield>
  <datafield tag="650" ind1=" " ind2="0">
   <subfield code="a">Recherche interdisciplinaire.</subfield>
  </datafield>
  <datafield tag="650" ind1=" " ind2="0">
   <subfield code="a">Comparative law.</subfield>
   <subfield code="2">fast</subfield>
   <subfield code="0">(OCoLC)fst00871350.</subfield>
  </datafield>
  <datafield tag="650" ind1=" " ind2="0">
   <subfield code="a">Interdisciplinary research.</subfield>
   <subfield code="2">fast</subfield>
   <subfield code="0">(OCoLC)fst00976131.</subfield>
  </datafield>
  <datafield tag="650" ind1=" " ind2="0">
   <subfield code="a">Legal research.</subfield>
   <subfield code="2">fast</subfield>
   <subfield code="0">(OCoLC)fst00995522</subfield>
  </datafield>
  <datafield tag="776" ind1="0" ind2="8">
   <subfield code="a">Husa, Jaakko.</subfield>
   <subfield code="d">Cheltenham, UK ; Northampton, Massachusetts : Edward Elgar Publishing Limited, 2022</subfield>
   <subfield code="i">Online version</subfield>
   <subfield code="t">Interdisciplinary comparative law.</subfield>
   <subfield code="w">(OCoLC)1319891610</subfield>
   <subfield code="z">9781802209785.</subfield>
  </datafield>
  <datafield tag="830" ind1=" " ind2="0">
   <subfield code="a">Elgar studies in legal research methods.</subfield>
  </datafield>
  <datafield tag="856" ind1="0" ind2="0">
   <subfield code="u">https://doi.org/10.4337/9781802209785</subfield>
   <subfield code="y">click here to access</subfield>
   <subfield code="z">Available to all UP Students</subfield>
   <subfield code="3">University of the Philippines, College of Law</subfield>
  </datafield>
  <datafield tag="905" ind1=" " ind2=" ">
   <subfield code="a">FO</subfield>
  </datafield>
  <datafield tag="852" ind1="0" ind2=" ">
   <subfield code="a">UPD</subfield>
   <subfield code="b">BGC-LL</subfield>
   <subfield code="h">K 559</subfield>
   <subfield code="i">H868 2022</subfield>
  </datafield>
  <datafield tag="942" ind1=" " ind2=" ">
   <subfield code="a">Electronic Resource</subfield>
  </datafield>
 </record>
</collection>
